| 000 | 00488nam a22001577a 4500 | ||
|---|---|---|---|
| 005 | 20251108164906.0 | ||
| 008 | 250721s1961 xx 000 0 ara d | ||
| 082 | 1 | 4 | _a646.2/خير |
| 100 | 1 | _aالزيلع، خير الدين | |
| 245 | 1 | 0 | _aقواعد تفصيل الخياطة للسيدات / |
| 264 | 1 |
_aبيروت : _bمنشورات دار و مكتبة الحياة، _c1961. |
|
| 300 | _a186ص : رسومات | ||
| 650 | 1 | 7 | _aالخياطة |
| 942 |
_2ddc _cBK |
||
| 999 |
_c16830 _d16830 |
||